El enfoque de recursos humanos para la planificación de la fuerza de trabajo, la educación y la distribución de los ingresos (Registro nro. 26749)

Detalles MARC
000 -LEADER
fixed length control field 00422 a2200109 4500
001 - CONTROL NUMBER
control field ART_13747
005 - DATE AND TIME OF LATEST TRANSACTION
control field 20260410161910.0
008 - FIXED-LENGTH DATA ELEMENTS--GENERAL INFORMATION
fixed length control field 260409a
100 1# - MAIN ENTRY--PERSONAL NAME
Personal name Correa, Héctor
245 10 - TITLE STATEMENT
Title El enfoque de recursos humanos para la planificación de la fuerza de trabajo, la educación y la distribución de los ingresos
773 0# - HOST ITEM ENTRY
Title Demografía y economía
Related parts - Vol. XIV, Nº 41 (ene./mar. 1980)
Record control number REV13200

No hay ítems disponibles.